| 000 | 00651nam a2200229 a 4500 | ||
|---|---|---|---|
| 001 | 000012114 | ||
| 005 | 20200929162712.0 | ||
| 008 | 091104s1995 sp 000 0bspa d | ||
| 020 | _a8420646865 | ||
| 040 |
_aDO-SdBNP _bspa _dBNPHU |
||
| 082 |
_a927.8 _bC434A |
||
| 100 | 1 |
_aAlfaya, Javier _918918 |
|
| 245 | 1 | 0 |
_aChaikovsky / _cJavier Alfaya. |
| 260 |
_aMadrid : _bAlianza, _c1995. |
||
| 300 |
_a64 p. ; _c15 cm. |
||
| 490 | 1 |
_aAlianza cien _v86 |
|
| 600 | 1 | 0 |
_aCHAIKOVSKY, PETER ILICH, _d1840-1893 _vBIOGRAFÍA _928629 |
| 650 | 4 |
_aCompositores rusos _vBIOGRAFÍAS _928630 |
|
| 830 | 0 |
_aAlianza cien ; _v86 _912832 |
|
| 910 | _aWM | ||
| 049 | _aBNPHU | ||
| 999 |
_c11779 _d11779 |
||